[Event "Muensterland Verbandsklasse-B 0405"]
[Site "Muensterland"]
[Date "2005.02.12"]
[Round "6.1"]
[White "Wilger, Frank"]
[Black "Loedding, Detlef"]
[Result "0-1"]
[WhiteElo "2068"]
[BlackElo "1928"]
[PlyCount "102"]
[EventDate "2004.09.11"]
[EventType "team"]
[EventRounds "9"]
[EventCountry "GER"]
[SourceTitle "EXT 2006"]
[Source "ChessBase"]
[SourceDate "2005.11.24"]
[SourceVersion "1"]
[SourceVersionDate "2005.11.24"]
[SourceQuality "1"]
[WhiteTeam "Raesfeld Erle"]
[BlackTeam "Duelmen"]
[WhiteTeamCountry "GER"]
[BlackTeamCountry "GER"]

1. d4 Nf6 2. Nf3 g6 3. g3 Bg7 4. Bg2 0-0 5. 0-0 d6 6. Re1 Nbd7 7. e4 e5 8. c4 exd4 9. Nxd4 Re8 10. Nc3 Ne5 11. Qe2 Bd7 12. h3 Qc8 13. Qf1 Nc6 14. Nc2 a5 15. Be3 Nb4 16. Rac1 Bc6 17. Bg5 Nd7 18. a3 Bxc3 19. bxc3 Na2 20. Ra1 Nxc3 21. Qd3 Na4 22. Nd4 Nac5 23. Qc2 Ne6 24. Be3 Nxd4 25. Bxd4 Re7 26. Re3 Qf8 27. Bb2 f6 28. f4 Rae8 29. Rae1 Rf7 30. Qd2 a4 31. Bf3 h6 32. h4 Rg7 33. Qc3 g5 34. hxg5 hxg5 35. Kf2 g4 36. Bg2 Ree7 37. Rh1 Rh7 38. Ree1 Rxh1 39. Bxh1 Rh7 40. Bg2 Rh2 41. Rh1 Rxg2+ 42. Kxg2 Bxe4+ 43. Kg1 Bxh1 44. Kxh1 Qe8 45. Qd3 Nc5 46. Qd5+ Qe6 47. Bxf6 Qxd5+ 48. cxd5 Ne4 49. Bd8 c5 50. dxc6 bxc6 51. Kg2 c5 0-1

[Event "Muensterland Verbandsklasse-B 0405"]
[Site "Muensterland"]
[Date "2004.11.06"]
[Round "3.1"]
[White "Loedding, Detlef"]
[Black "Winking, Hendrik"]
[Result "1/2-1/2"]
[WhiteElo "1928"]
[BlackElo "1877"]
[PlyCount "57"]
[EventDate "2004.09.11"]
[EventType "team"]
[EventRounds "9"]
[EventCountry "GER"]
[SourceTitle "EXT 2006"]
[Source "ChessBase"]
[SourceDate "2005.11.24"]
[SourceVersion "1"]
[SourceVersionDate "2005.11.24"]
[SourceQuality "1"]
[WhiteTeam "Duelmen"]
[BlackTeam "Stadtlohn"]
[WhiteTeamCountry "GER"]
[BlackTeamCountry "GER"]

1. Nf3 Nf6 2. g3 g6 3. Bg2 Bg7 4. 0-0 d6 5. d4 c6 6. Nc3 Bg4 7. h3 Bf5 8. Nh4 Be6 9. e4 Qc8 10. Kh2 0-0 11. f4 Na6 12. f5 Bd7 13. Be3 e5 14. Qd2 Qc7 15. dxe5 dxe5 16. Qf2 b6 17. g4 Rfd8 18. Bg5 Rf8 19. Be3 Rfd8 20. Bf3 Bc8 21. Be2 b5 22. g5 Ne8 23. a3 Nd6 24. f6 Bf8 25. Nf3 Nc4 26. Bxc4 bxc4 27. Rad1 Bd6 28. Nd2 Be6 29. Qe2 1/2-1/2